|
|
|
|
| LEADER |
00888nam a2200277 a 4500 |
| 001 |
2617 |
| 003 |
BD-DhAAL |
| 005 |
20150315100010.0 |
| 008 |
150315s1991 nyua 001 0 eng |
| 010 |
|
|
|a 91053059
|
| 020 |
|
|
|a 0814450725 :
|c $27.95
|
| 040 |
|
|
|a DLC
|c DLC
|d DLC
|d BD-DhAAL
|
| 050 |
0 |
0 |
|a HF5549
|b .I48 1991
|
| 082 |
0 |
0 |
|a 658.3/02
|2 20
|
| 100 |
1 |
|
|a Imundo, Louis V.
|9 9613
|
| 245 |
1 |
4 |
|a The effective supervisor's handbook /
|c Louis V. Imundo.
|
| 250 |
|
|
|a 2nd ed.
|
| 260 |
|
|
|a New York :
|b Amacom,
|c c1991.
|
| 300 |
|
|
|a xii, 212 p. :
|b ill. ;
|c 24 cm.
|
| 500 |
|
|
|a Includes index.
|
| 541 |
|
|
|e 2617
|
| 650 |
|
0 |
|a Supervision of employees.
|9 7453
|
| 650 |
|
0 |
|a Personnel management.
|9 9614
|
| 942 |
|
|
|2 ddc
|c BK
|
| 999 |
|
|
|c 34031
|d 34031
|
| 952 |
|
|
|0 0
|1 0
|2 ddc
|4 0
|6 658_302000000000000_IMU
|7 0
|9 53111
|a SCL
|b SCL
|c GEN
|d 2015-03-15
|l 0
|o 658.302 IMU
|p 3020002617
|r 2015-03-15
|t 1
|w 2015-03-15
|y BK
|